000 01726nam a2200241Ia 4500
008 260220t1993||||xx |||||||||||||| ||spa||
040 _aPY-SlUNAC
_bspa
_erda
041 _aspa
082 _a575.1
_bL435f
100 _aLeaky, Richard
_eAutor
245 0 _aLa formación de la humanidad /
_cpor Richard Leaky [Autor]
264 _aBarcelona :
_bRBA,
_c℗1993.
300 _a1 volumen
520 _aEn "La formación de la humanidad", Richard Leaky explora la evolución humana desde una perspectiva interdisciplinaria, integrando hallazgos de la paleoantropología, la arqueología y la genética. A lo largo de la obra, Leaky presenta un recorrido por los hitos más significativos en la historia de la humanidad, desde los primeros homínidos hasta el desarrollo de las sociedades complejas. El autor enfatiza el papel fundamental del entorno en la evolución de las capacidades cognitivas y sociales de los seres humanos, así como las interacciones entre diferentes especies. Además, se aborda la importancia de los descubrimientos fósiles en África, que han permitido un entendimiento más profundo de las migraciones y adaptaciones de nuestros antepasados. Leaky también reflexiona sobre las implicaciones de estos hallazgos en nuestra comprensión del presente y del futuro de la humanidad, subrayando la necesidad de un enfoque multidisciplinario para abordar los retos actuales relacionados con la supervivencia y la convivencia en un mundo en constante cambio.
653 _aCultura
653 _aHistoria
653 _aHumanidades
942 _b2026/02/17
_cBK
999 _c8190
_d8190